| Tag |
First Indicator |
Second Indicator |
Subfields |
| LEADER |
00000cam a2200000 a 4500 |
| 001 |
in00002575293 |
| 005 |
20151201152300.0 |
| 008 |
100107s2010 nyua b 001 0 eng |
| 010 |
|
|
|a 2009054041
|
| 020 |
|
|
|a 9780823232116 (cloth : alk. paper)
|
| 020 |
|
|
|a 0823232115 (cloth : alk. paper)
|
| 020 |
|
|
|a 9780823232123 (pbk. : alk. paper)
|
| 020 |
|
|
|a 0823232123 (pbk. : alk. paper)
|
| 020 |
|
|
|a 9780823232130 (ebook : alk. paper)
|
| 020 |
|
|
|a 0823232131 (ebook : alk. paper)
|
| 035 |
|
|
|a (OCoLC)ocn491917558
|
| 040 |
|
|
|a DLC
|c DLC
|d UtOrBLW
|
| 043 |
|
|
|a n-us---
|a n-usu--
|
| 049 |
|
|
|a TXAM
|
| 050 |
0 |
0 |
|a E185.2
|b .F277 2010
|
| 082 |
0 |
0 |
|a 975/.041
|2 22
|
| 100 |
1 |
|
|a Farmer-Kaiser, Mary.
|
| 245 |
1 |
0 |
|a Freedwomen and the Freedmen's Bureau :
|b race, gender, and public policy in the age of emancipation /
|c Mary Farmer-Kaiser.
|
| 250 |
|
|
|a 1st ed.
|
| 264 |
|
1 |
|a New York :
|b Fordham University Press,
|c 2010.
|
| 300 |
|
|
|a xiv, 275 pages :
|b illustrations ;
|c 23 cm.
|
| 336 |
|
|
|a text
|b txt
|2 rdacontent
|
| 337 |
|
|
|a unmediated
|b n
|2 rdamedia
|
| 338 |
|
|
|a volume
|b nc
|2 rdacarrier
|
| 490 |
1 |
|
|a Reconstructing America
|
| 504 |
|
|
|a Includes bibliographical references and index.
|
| 505 |
0 |
|
|a Introduction: "a long time in want of a bureau" -- That the freed-women ... may rise to the dignity and glory of true womanhood : the men, purpose, and gendered freedom of the Freedmen's Bureau -- A weight of circumstances like millstones about their necks to drag and keep them down : freedwomen, federal relief, and the Freedmen's Bureau -- The women are the controlling spirits : freedwomen, free labor, and the Freedmen's Bureau -- To put forth almost superhuman efforts to regain their children : freedwomen, parental rights, and the Freedmen's Bureau -- Strict justice for every man, woman, and child : gender, justice, and the Freedman's Bureau.
|
| 610 |
1 |
0 |
|a United States.
|b Bureau of Refugees, Freedmen, and Abandoned Lands.
|
| 650 |
|
0 |
|a African American women
|z Southern States
|x History
|y 19th century.
|
| 650 |
|
0 |
|a African American women
|z Southern States
|x Social conditions
|y 19th century.
|
| 650 |
|
0 |
|a Reconstruction (U.S. history, 1865-1877)
|x Social aspects.
|
| 830 |
|
0 |
|a Reconstructing America (Series)
|
| 945 |
|
|
|a PromptCat
|b 15368
|
| 946 |
|
|
|a stk
|
| 947 |
|
|
|a A14840178670
|
| 948 |
|
|
|a cataloged
|b h
|c 2010/7/5
|d c
|e dmitchel
|f 2:00:00 pm
|
| 994 |
|
|
|a 92
|b TXA
|
| 999 |
|
|
|a MARS
|
| 999 |
f |
f |
|s c3b491bc-6f12-30fa-9422-098e3fb77b39
|i 95e1c918-cc71-35dd-83a9-934c1f28cc5a
|t 0
|
| 952 |
f |
f |
|p normal
|a Texas A&M University
|b College Station
|c Sterling C. Evans Library
|d Evans: Library Stacks
|t 0
|e E185.2 .F277 2010
|h Library of Congress classification
|i unmediated -- volume
|m A14840178670
|
| 998 |
f |
f |
|a E185.2 .F277 2010
|t 0
|l Evans: Library Stacks
|